| 000 | 00741nam a2200229Ia 4500 | ||
|---|---|---|---|
| 001 | dia_7745 | ||
| 003 | CHAP | ||
| 008 | 220117s1961 xx 000 0 und d | ||
| 010 | _a179208 | ||
| 040 | _cCHAP | ||
| 090 | _aF 1005 1961 | ||
| 110 |
_aEscuela Nacional de Agricultura _9150105 |
||
| 245 |
_aDecreto que creó la carrera de Ingeniero agrónomo en la Escuela Nacional de Agricultura año de 1923 / _c Escuela Nacional de Agricultura |
||
| 260 |
_aMéxico : _b Escuela Nacional de Agricultura. Departamento de Promoción y Divulgación, _c1961 |
||
| 300 | _a16 h. | ||
| 901 | _aF 1005 1961 | ||
| 902 | _aM | ||
| 905 | _a5232271961 mx n 8223223322spa16 | ||
| 942 | _c12 | ||
| 942 | _c12 | ||
| 999 |
_c179208 _d179208 |
||